The Rats' Feast (Record no. 333410)

MARC details
000 -LEADER
fixed length control field 00429nam a2200169Ia 4500
008 - FIXED-LENGTH DATA ELEMENTS--GENERAL INFORMATION
fixed length control field 230718s9999 xx 000 0 und d
020 ## - INTERNATIONAL STANDARD BOOK NUMBER
International Standard Book Number 9789350093160
041 ## - LANGUAGE CODE
Language code of text/sound track or separate title eng
082 ## - DEWEY DECIMAL CLASSIFICATION NUMBER
Classification number 821
Item number TAG
100 ## - MAIN ENTRY--PERSONAL NAME
Personal name Tagore R.
245 ## - TITLE STATEMENT
Title The Rats' Feast
Remainder of title A Tagore Omnibus
260 ## - PUBLICATION, DISTRIBUTION, ETC. (IMPRINT)
Date of publication, distribution, etc. 2013
Name of publisher, distributor, etc. Hachette
300 ## - PHYSICAL DESCRIPTION
Extent 238
365 ## - TRADE PRICE
Currency code Rs.
Price amount 350.00
700 ## - ADDED ENTRY--PERSONAL NAME
Personal name Tagore R.
906 ## - LOCAL DATA ELEMENT F, LDF (RLIN)
d O:0350911-Sep-2013B:360419-Jul-2013
c GENRL
b 77
Holdings
Withdrawn status Lost status Damaged status Not for loan Home library Current library Date acquired Vendor Budget Code Cost, normal purchase price Bill number Total Checkouts Full call number Barcode Date last seen Date last checked out Discount Cost, replacement price Bill Date Koha item type Original Barcode
        Cummins College of Engineering for Women Pune Cummins College of Engineering for Women Pune 11/09/2013 Technical Book Services GENRL 273.00 3604 4 821 CCEP-BK-44617 26/02/2026 13/02/2026 77 350.00 19/07/2013 Books 044617